Z bludného kruhu spirála
Vývoj argentínskej ekonomiky od roku 2000. Vonkajšia zadlženosť štátu. Krytý schodok bežného účtu. Pomer argentínskeho dlhu a dlhovej služby k príjmom z exportu. Vplyv previazanosti argentínskej ekonomiky s americkou. Nízke domáce úspory a priame investície. Opatrenia vlády na povzbudenie konkurenci...
Salvato in:
| Autore principale: | |
|---|---|
| Natura: | Capitolo di libro |
| Lingua: | ceco |
| Soggetti: | |
| Tags: |
Nessun Tag, puoi essere il primo ad aggiungerne!!
|
MARC
| LEADER | 00000naa a2200000 4500 | ||
|---|---|---|---|
| 001 | r044941 | ||
| 005 | 20231004070243.4 | ||
| 041 | 0 | |a cze | |
| 044 | |a CZ | ||
| 245 | 1 | 0 | |a Z bludného kruhu spirála |c Drahomíra Dubská |
| 520 | |a Vývoj argentínskej ekonomiky od roku 2000. Vonkajšia zadlženosť štátu. Krytý schodok bežného účtu. Pomer argentínskeho dlhu a dlhovej služby k príjmom z exportu. Vplyv previazanosti argentínskej ekonomiky s americkou. Nízke domáce úspory a priame investície. Opatrenia vlády na povzbudenie konkurencieschopnosti exportérov. | ||
| 610 | 2 | 0 | |a situácia hospodárska |
| 610 | 2 | 0 | |a politika hospodárska |
| 610 | 2 | 0 | |a mena |
| 610 | 2 | 0 | |a pôžičky medzinárodné |
| 610 | 2 | 0 | |a Argentína |
| 100 | 1 | |a Dubská, Drahomíra | |